000 00626nam a22001935i 4500
001 159255
003 ES-MaACL
005 20230906211519.0
008 990708s1888 it |||| | ita d
040 _aCCPB | B
_bspa
_cCCPB | B
100 1 _aMeale, G.
_9129778
245 1 0 _aModerna Inghilterra
_b: educazione alla vita politica /
_cG. Meale.
260 _aRoma [etc.] :
_bFratelli Bocca editori,
_c1888.
300 _aLXXII, 446 p. ;
_c24 cm.
651 4 _aGran Bretaña-
_xPolítica y gobierno-
_yS. \RXIX\R.
_9234128
752 _aItalia -
_dRoma
852 _aES-MaACL
_jF-6994
_z-- Enc. pasta
999 _c159255
_d159255